Rabbit, run / (Record no. 971)
[ view plain ]
| 000 -LEADER | |
|---|---|
| fixed length control field | 00444nam a2200145 4500 |
| 001 - CONTROL NUMBER | |
| control field | 1338 |
| 008 - FIXED-LENGTH DATA ELEMENTS--GENERAL INFORMATION | |
| fixed length control field | 751219s1960 xx 000 0 eng d |
| 100 1# - MAIN ENTRY--PERSONAL NAME | |
| Personal name | Updike, John. |
| 245 10 - TITLE STATEMENT | |
| Title | Rabbit, run / |
| Statement of responsibility, etc. | John Updike. |
| 260 ## - PUBLICATION, DISTRIBUTION, ETC. | |
| Place of publication, distribution, etc. | Greenwich, CT : |
| Name of publisher, distributor, etc. | Fawcett Publications, |
| Date of publication, distribution, etc. | 1960. |
| 300 ## - PHYSICAL DESCRIPTION | |
| Extent | 255 p. ; |
| Dimensions | 19 cm. |
| 490 0# - SERIES STATEMENT | |
| Series statement | Crest books. |
| 650 ## - SUBJECT ADDED ENTRY--TOPICAL TERM | |
| Topical term or geographic name entry element | Angstrom, Harry (Fictitious character) |
| Form subdivision | Fiction. |
| General subdivision | |
| Chronological subdivision | |
| Geographic subdivision | |
| Source of heading or term | |
| Topical term or geographic name entry element | Middle class men |
| Form subdivision | Fiction. |
| General subdivision | |
| Chronological subdivision | |
| Geographic subdivision | |
| Source of heading or term | |
No items available.